000 00835 a2200229 4500
001 126948
020 _a9780329568566
040 _cEscola Canadense de Niteroi
090 _aH2 - SEU
100 _aDr. Seuss
245 1 0 _aHorton hatches the egg
250 _a1st. ed.
260 _aNew York
300 _a64 p.
_c1 x 0.42 x 11.31 inches (hardcover)
362 0 _a1968
520 _aHorton is kind and trustworthy, but unfortunately, the lazy bird Mayzie takes advantage of his good nature when she leaves Horton to watch her unhatched egg. Told with Dr. Seuss’s signature rhymes and trademark illustrations, this is a tale that will be enjoyed over and over, by readers and listeners alike.
650 4 _aChildren's Literature
650 4 _aPromises
650 4 _aDedication
650 4 _aFaithfulness
942 _cBK
999 _c126948
_d126948